| 000 -LEADER |
| fixed length control field |
01639nam a22004217a 4500 |
| 001 - CONTROL NUMBER |
| control field |
4832611 |
| 003 - CONTROL NUMBER IDENTIFIER |
| control field |
OSt |
| 005 - DATE AND TIME OF LATEST TRANSACTION |
| control field |
20210421084110.0 |
| 008 - FIXED-LENGTH DATA ELEMENTS--GENERAL INFORMATION |
| fixed length control field |
900104s1990 paua b 101 0 eng c |
| 010 ## - LIBRARY OF CONGRESS CONTROL NUMBER |
| LC control number |
90002712 |
| 020 ## - INTERNATIONAL STANDARD BOOK NUMBER |
| International Standard Book Number |
0803670087 |
| 040 ## - CATALOGING SOURCE |
| Original cataloging agency |
DNLM/DLC |
| Transcribing agency |
DLC |
| Modifying agency |
DLC |
| 050 00 - LIBRARY OF CONGRESS CALL NUMBER |
| Classification number |
RC372 |
| Item number |
.A55 1990 |
| 060 ## - NATIONAL LIBRARY OF MEDICINE CALL NUMBER |
| Classification number |
WM 274 A34973 1988 |
| 080 ## - UNIVERSAL DECIMAL CLASSIFICATION NUMBER |
| Universal Decimal Classification number |
616.8 |
| Item number |
A-30 |
| 082 00 - DEWEY DECIMAL CLASSIFICATION NUMBER |
| Classification number |
616.8/53 |
| Edition number |
20 |
| 100 ## - MAIN ENTRY--PERSONAL NAME |
| 9 (RLIN) |
560 |
| Personal name |
Poter,J.Roger |
| 245 00 - TITLE STATEMENT |
| Title |
Alcohol and seizures : |
| Remainder of title |
basic mechanisms and clinical concepts / |
| Statement of responsibility, etc. |
editors, Roger J. Porter ... [et al.] ; technical editor, Devera G. Schoenberg. |
| 260 ## - PUBLICATION, DISTRIBUTION, ETC. |
| Place of publication, distribution, etc. |
Philadelphia : |
| Name of publisher, distributor, etc. |
Davis, |
| Date of publication, distribution, etc. |
c1990. |
| 300 ## - PHYSICAL DESCRIPTION |
| Extent |
xviii, 342 p. : |
| Other physical details |
ill. ; |
| Dimensions |
27 cm. |
| 500 ## - GENERAL NOTE |
| General note |
Outgrowth of the International Symposium on Alcohol and Seizures, held Sept. 1988 in Washington, D.C. |
| 504 ## - BIBLIOGRAPHY, ETC. NOTE |
| Bibliography, etc. note |
Includes bibliographical references and index. |
| 650 #0 - SUBJECT ADDED ENTRY--TOPICAL TERM |
| Topical term or geographic name entry element |
Epilepsy |
| General subdivision |
Complications |
| -- |
Congresses. |
| 650 #0 - SUBJECT ADDED ENTRY--TOPICAL TERM |
| Topical term or geographic name entry element |
Alcoholism |
| General subdivision |
Complications |
| -- |
Congresses. |
| 650 #0 - SUBJECT ADDED ENTRY--TOPICAL TERM |
| Topical term or geographic name entry element |
Convulsions |
| General subdivision |
Complications |
| -- |
Congresses. |
| 650 #0 - SUBJECT ADDED ENTRY--TOPICAL TERM |
| Topical term or geographic name entry element |
Alcohol |
| General subdivision |
Toxicology |
| -- |
Congresses. |
| 650 #2 - SUBJECT ADDED ENTRY--TOPICAL TERM |
| Topical term or geographic name entry element |
Alcoholism |
| General subdivision |
complications |
| -- |
congresses. |
| 650 #2 - SUBJECT ADDED ENTRY--TOPICAL TERM |
| Topical term or geographic name entry element |
Epilepsy |
| General subdivision |
complications |
| -- |
congresses. |
| 650 #2 - SUBJECT ADDED ENTRY--TOPICAL TERM |
| Topical term or geographic name entry element |
Seizures |
| General subdivision |
chemically induced |
| -- |
congresses. |
| 650 #2 - SUBJECT ADDED ENTRY--TOPICAL TERM |
| Topical term or geographic name entry element |
Substance Withdrawal Syndrome |
| General subdivision |
therapy |
| -- |
congresses. |
| 653 ## - INDEX TERM--UNCONTROLLED |
| Uncontrolled term |
ნევროლოგია |
| 700 1# - ADDED ENTRY--PERSONAL NAME |
| Personal name |
Porter, Roger J., |
| Dates associated with a name |
1942- |
| 700 ## - ADDED ENTRY--PERSONAL NAME |
| Personal name |
Mattson,H.Richard |
| 9 (RLIN) |
562 |
| 700 ## - ADDED ENTRY--PERSONAL NAME |
| Personal name |
Diamond,Ivan |
| 9 (RLIN) |
564 |
| 711 2# - ADDED ENTRY--MEETING NAME |
| Meeting name or jurisdiction name as entry element |
International Symposium on Alcohol and Seizures |
| Date of meeting or treaty signing |
(1988 : |
| Location of meeting |
Washington, D.C.) |
| 906 ## - LOCAL DATA ELEMENT F, LDF (RLIN) |
| a |
7 |
| b |
cbc |
| c |
orignew |
| d |
1 |
| e |
ocip |
| f |
19 |
| g |
y-gencatlg |
| 942 ## - ADDED ENTRY ELEMENTS (KOHA) |
| Source of classification or shelving scheme |
|
| Koha item type |
Books |